000 00727nam a22001937a 4500
005 20240530110900.0
008 160528s2013 ua a g 000 0 ara d
017 _a2012/36958
_bمصر . دار الكتب المصرية
040 _aEG-CaGPL
082 0 4 _221
_a302.2307\
_bح إ
100 0 _aحسنين شفيق
245 1 2 _aالاعلام الابداعى :
_bكن اعلاميا مبدعا فى عالم الاعلام المطبوع والمرئى والاعلام الجديد /
_cحسنين شفيق
250 _aط.1
260 _aالقاهرة :
_bدار فكر وفن ،
_c2013
300 _a349 ص ؛
_c24 سم
650 0 7 _aالاعلام
650 0 7 _aالاعلام المطبوع
942 _2ddc
_cBK
999 _c66116
_d66116